Szczegóły MARC21

Słownik łacińsko-polski : według słownika Hermana Mengego i Henryka Kopii /

003 -Nazwa inst., której nr kontr. jest w polu 001 [,]
    • @
    • Nazwa instytucji, której n kontrolny jest w polu 001
    • NUKAT
005 -DATA I CZAS OSTATNIEJ MODYFIKACJI [,]
    • @
    • pole kontrolne
    • 20241231101547.0
020 -Międzynarod. znormalizowany nr książki - ISBN [ , ]
    • a
    • Numer ISBN
    • 8371951523 Find
040 -Instytucja sporządzająca opis [ , ]
    • a
    • Instytucja, która sporządziła opis (NP)
    • WR U/PAd
    • c
    • Instytucja, która sporządziła rekord (NP)
    • WR U/ap
    • d
    • Instytucja, która zmodyfikowała rekord (P)
    • WR U/jm
    • d
    • Instytucja, która zmodyfikowała rekord (P)
    • WR U/HSs
    • d
    • Instytucja, która zmodyfikowała rekord (P)
    • KR 307/KMs
041 -Język dokumentu [0, ]
    • a
    • Język tekstu (P)
    • polski
    • a
    • Język tekstu (P)
    • łaciński
942 -Rodzaj dokumentu [ , ]
    • c
    • Rodzaj dokumentu
    • Książka
100 -Hasło główne - nazwa osobowa [1, ]
    • a
    • Nazwa osobowa (NP)
    • Kumaniecki, Kazimierz Feliks
    • d
    • Daty biograficzne (NP)
    • (1905-1977).
    • 9
    • KHW
    • 11545
245 -Strefa tytułu i oznaczenia odpowiedzialności [1,0]
    • a
    • Tytuł
    • Słownik łacińsko-polski : Find
    • b
    • Ciąg dalszy tytułu (NP)
    • według słownika Hermana Mengego i Henryka Kopii / Find
    • c
    • Pozostałe elementy strefy tytułu i oznaczenia odpowiedzialności (NP)
    • oprac. Kazimierz Kumaniecki.
250 -Strefa wydania [ , ]
    • a
    • Oznaczenie wydania (NP)
    • Wyd. 21.
260 -Strefa adresu wydawniczego [ , ]
    • a
    • Miejsce wydania (P)
    • Warszawa :
    • b
    • Nazwa wydawcy (P)
    • Wydawnictwo Szkolne PWN,
    • c
    • Data wydania (P)
    • 1997.
300 -Strefa opisu fizycznego [ , ]
    • a
    • Określenie formy książki i/lub objętość (NP)
    • VIII, 545, [7] s. ;
    • c
    • Format (NP)
    • 18 cm.
336 -Typ zawartości [ , ]
    • a
    • Termin opisujący typ zawartości
    • Tekst
    • b
    • Kod określający zawartość
    • txt
    • 2
    • Źródło (terminu i kodu)
    • rdacontent
337 -Typ mediów [ , ]
    • a
    • Tryb odtwarzania
    • Bez urządzenia pośredniczącego
    • b
    • Kod typu mediów
    • n
    • 2
    • Źródło (terminu i kodu)
    • rdamedia
338 -Typ/rodzaj nośnika [ , ]
    • a
    • Hasło opisujące typ nośnika
    • Wolumin
    • b
    • Kod typu nośnika
    • nc
    • 2
    • Źródło (terminu i kodu)
    • rdacarrier
500 -Uwaga ogólna [ , ]
    • a
    • Uwaga ogólna (NP)
    • Oprac. na podst. "Kieszonkowego słownika języka łacińskiego i polskiego" Henryka Kopii, który został opracowany w oparciu o słownik Hermana Mengego "Taschenwörterbuch der lateinischen und deutschen Sprache".
650 -Hasło przedmiotowe [ ,7]
    • a
    • Hasło przedmiotowe
    • Język łaciński
    • v
    • Określnik formalny
    • słowniki polskie.
    • 2
    • Źródło terminu
    • kaba
    • 9
    • KHW
    • 359337
655 -Hasło w funkcji tematu formalnego [ ,7]
    • a
    • Hasło
    • Słownik łacińsko-polski
    • 2
    • Źródło terminu
    • DBN
    • 9
    • KHW
    • 737185
700 -Hasło dodatkowe - nazwa osobowa [1, ]
    • a
    • Nazwa osobowa (NP)
    • Menge, Hermann Find
    • d
    • Daty biograficzne (NP)
    • (1841-1939).
    • 9
    • KHW
    • 11547
700 -Hasło dodatkowe - nazwa osobowa [1, ]
    • a
    • Nazwa osobowa (NP)
    • Kopia, Henryk Find
    • d
    • Daty biograficzne (NP)
    • (1866-1933).
    • 9
    • KHW
    • 11550
710 -Hasło dodatkowe - nazwa ciała zbiorowego [2, ]
    • a
    • Nazwa ciała zbiorowego lub nazwa geograficzna jako pierwszy element (NP)
    • Wydawnictwo Szkolne PWN.
    • 4
    • Kod relacji
    • pbl
    • 9
    • KHW
    • 61198
920 -ISBN [ , ]
    • a
    • ISBN
    • 83-7195-152-3 Find
Sygnatura Numer inwentarzowy Status udost. Data inwentaryzacji Obwoluta Lokalizacja
 W.207574-52010-02-041BG
T.21091T.21091-22021-02-221T